The Christian in politics. (Record no. 19490)
[ view plain ]
| 000 -LEADER | |
|---|---|
| fixed length control field | 01055cam a2200253 4500 |
| 001 - CONTROL NUMBER | |
| control field | 2720944 |
| 005 - DATE AND TIME OF LATEST TRANSACTION | |
| control field | 20030429134722.0 |
| 008 - FIXED-LENGTH DATA ELEMENTS--GENERAL INFORMATION | |
| fixed length control field | 720630s1962 enk 000 0 eng u |
| 010 ## - LIBRARY OF CONGRESS CONTROL NUMBER | |
| LC control number | 62051942 |
| 015 ## - NATIONAL BIBLIOGRAPHY NUMBER | |
| National bibliography number | GB62-15739 |
| 035 ## - SYSTEM CONTROL NUMBER | |
| System control number | (OCoLC)ocm00345917 |
| 040 ## - CATALOGING SOURCE | |
| Transcribing agency | KSU |
| Modifying agency | OCL |
| -- | DMM |
| -- | UKM |
| -- | ZCU |
| 050 ## - LIBRARY OF CONGRESS CALL NUMBER | |
| Classification number | BR115.P7 |
| Item number | J36 1962 |
| 100 1# - MAIN ENTRY--PERSONAL NAME | |
| Personal name | James, Arthur Walter, |
| Dates associated with a name | 1912- |
| 245 14 - TITLE STATEMENT | |
| Title | The Christian in politics. |
| 260 ## - PUBLICATION, DISTRIBUTION, ETC. (IMPRINT) | |
| Place of publication, distribution, etc | London, |
| -- | New York, |
| Name of publisher, distributor, etc | Oxford University Press, |
| Date of publication, distribution, etc | 1962. |
| 300 ## - PHYSICAL DESCRIPTION | |
| Extent | 216 p. |
| Dimensions | 23 cm. |
| 650 #0 - SUBJECT ADDED ENTRY--TOPICAL TERM | |
| Topical term or geographic name as entry element | Christianity and politics. |
| 942 ## - ADDED ENTRY ELEMENTS (KOHA) | |
| Source of classification or shelving scheme | Library of Congress Classification |
| Item type | Book |
| Withdrawn status | Lost status | Source of classification or shelving scheme | Damaged status | Not for loan | Collection code | Home library | Current library | Shelving location | Date acquired | Total Checkouts | Full call number | Barcode | Date last borrowed | Copy number | Price effective from | Koha item type | Public note | Source of acquisition |
|---|---|---|---|---|---|---|---|---|---|---|---|---|---|---|---|---|---|---|
| Withdrawn | Library of Congress Classification | Non-fiction | Bishop Okullu Memorial Library (Limuru Campus) | Bishop Okullu Memorial Library (Limuru Campus) | General Circulation | 29/10/2009 | 4 | BR115.P7 J36 1962 | 012363 | 11/07/2018 | 1 | 29/10/2009 | Book | Never borrowed | ||||
| Library of Congress Classification | Non-fiction | Bishop Okullu Memorial Library (Limuru Campus) | Bishop Okullu Memorial Library (Limuru Campus) | General Circulation | 30/10/2009 | 3 | BR115.P7 J36 1962 | 012378 | 07/12/2017 | 2 | 30/10/2009 | Book | ||||||
| Library of Congress Classification | Non-fiction | Bishop Okullu Memorial Library (Limuru Campus) | Bishop Okullu Memorial Library (Limuru Campus) | General Circulation | 23/02/2010 | 1 | BR115.P7 J36 1962 | 018091 | 06/03/2014 | 3 | 23/02/2010 | Book | purchase |